| 000 | 00564nam a22001937a 4500 | ||
|---|---|---|---|
| 999 |
_c17383 _d17383 |
||
| 003 | AR-CdUCM | ||
| 008 | 190508b ||||| |||| 00| 0 spa d | ||
| 020 | _a84-291-7020-0 | ||
| 040 |
_aMUNICIPALIDAD PROVINCIAL DEL CUSCO _cBIBLIOTECA MUNICIPAL DEL CUSCO |
||
| 082 |
_a541.3 / _bAD23 |
||
| 100 |
_aAdamson, Arthur W _937368 |
||
| 245 | _aProblemas de química física / | ||
| 260 |
_aBarcelona : _bReverte, _c1975. |
||
| 300 |
_a555 paginas ; _c22 cm. |
||
| 650 |
_aQuimica _94512 |
||
| 650 |
_aFisica _92382 |
||
| 942 |
_2ddc _cLIBROS |
||
| 945 |
_apjha _d2019-05-08 |
||